00395pab a2200145 454500008004000000100001000040245004700050260000900097300001200106362000800118650003700126650002300163700002000186773004300206180718b1995 xxu||||| |||| 00| 0 eng d aHanna aThe politics of electoral reform in Israel c1995 ap.31-45 aJan aIsrael - Government and politics aElections - Israel aDiskin, Abraham aInternational Political Science Review